00251nam a2200109 i 4500001000300000100001800003245004500021260001800066040000800084041000800092008004100100bg1 aMOREL, Pierre 0aCarcassonne :bLa Cite' /cPierre Morel. aParis,c1973. cBPK apol s pl f |000 0 pol